[Event "Santa Cruz La Palma Christmas op"]
[Site "Santa Cruz de La Palma"]
[Date "2017.12.21"]
[Round "6.7"]
[White "Lorenzo Ventura, Abel"]
[Black "Rodriguez De Paz, Bastolome"]
[Result "1-0"]
[WhiteElo "1592"]
[BlackElo "1367"]
[PlyCount "90"]
[EventDate "2017.12.16"]
[EventType "swiss"]
[EventRounds "7"]
[EventCountry "ESP"]
[SourceTitle "EXT 2024"]
[Source "ChessBase"]
[SourceDate "2023.10.10"]
[SourceVersion "1"]
[SourceVersionDate "2023.10.10"]
[SourceQuality "1"]

1. d4 Nf6 2. c4 g6 3. Nf3 Bg7 4. Nc3 d6 5. e4 0-0 6. Be2 Na6 7. 0-0 Re8 8. h3 e5 9. d5 Nc5 10. Qc2 a5 11. Re1 b6 12. Bf1 Bd7 13. Bd2 Nh5 14. Qc1 Qc8 15. Nh2 c6 16. g4 Nf6 17. Bh6 Rb8 18. Bxg7 Kxg7 19. Qe3 Qd8 20. Rad1 Rh8 21. Bg2 h6 22. Rd2 Ng8 23. Red1 Nb7 24. dxc6 Bxc6 25. Nd5 Bxd5 26. Rxd5 Qf6 27. Qf3 Ne7 28. Rb5 Nc8 29. Rbd5 Nc5 30. b3 Rd8 31. R1d2 Ne7 32. Qxf6+ Kxf6 33. Rxd6+ Rxd6 34. Rxd6+ Kg7 35. Nf1 f6 36. Ne3 Rb7 37. f3 a4 38. b4 Na6 39. a3 Nb8 40. Nd5 Nxd5 41. cxd5 Kf7 42. Re6 Nd7 43. Rc6 Nb8 44. Rc8 Nd7 45. Bf1 b5 1-0

[Event "Santa Cruz La Palma Christmas op"]
[Site "Santa Cruz de La Palma"]
[Date "2017.12.17"]
[Round "2.8"]
[White "Rodriguez De Paz, Bastolome"]
[Black "Bethencourt Hernandez, Valeria"]
[Result "1-0"]
[WhiteElo "1367"]
[BlackElo "1212"]
[PlyCount "63"]
[EventDate "2017.12.16"]
[EventType "swiss"]
[EventRounds "7"]
[EventCountry "ESP"]
[SourceTitle "EXT 2024"]
[Source "ChessBase"]
[SourceDate "2023.10.10"]
[SourceVersion "1"]
[SourceVersionDate "2023.10.10"]
[SourceQuality "1"]

1. e4 e5 2. Nf3 Nc6 3. Bc4 Nf6 4. Ng5 Qe7 5. Bxf7+ Kd8 6. Bb3 Ke8 7. d3 d6 8. h3 h6 9. Nf3 Qd7 10. Nc3 Nd4 11. Ba4 c6 12. Nxd4 exd4 13. Ne2 Qc7 14. Bd2 Qb6 15. Bb3 d5 16. exd5 Nxd5 17. Bxd5 cxd5 18. b3 Bd7 19. 0-0 Bd6 20. Ng3 g6 21. Qe1+ Be7 22. Qe5 Rh7 23. Qxd5 Be6 24. Qe4 Bd7 25. Rfe1 Qd6 26. a3 Rb8 27. Bb4 Qf6 28. Bxe7 Rxe7 29. Qd5 Bc6 30. Rxe7+ Qxe7 31. Qg8+ Kd7 32. Qxb8 1-0